书目信息 |
| 题名: |
量子力学教程
|
|
| 作者: | 周世勋 编 | |
| 分册: | ||
| 出版信息: | 北京 人民教育出版社 1979.2 |
|
| 页数: | 258页 | |
| 开本: | 20cm | |
| 丛书名: | ||
| 单 册: | ||
| 中图分类: | O413.1 | |
| 科图分类: | ||
| 主题词: | 量子力学 | |
| 电子资源: | ||
| ISBN: | ||
| 000 | 00547nam0 2200205 45 | |
| 001 | 0312221749 | |
| 005 | 20070922100930.31 | |
| 010 | @dCNY0.61 | |
| 091 | @a13012.0285 | |
| 100 | @a20031222d1979 km y0chiy0120 ea | |
| 101 | @achi | |
| 200 | 1 | @a量子力学教程@ALiang Zi Li Xue Jiao Cheng@f周世勋编@FZhou Shi Xun Bian |
| 210 | @a北京@c人民教育出版社@d1979.2 | |
| 215 | @a258页@d20cm | |
| 300 | @a高等学校试用教材 | |
| 606 | 0 | @a量子力学 |
| 690 | @aO413.1@v3 | |
| 701 | 0 | @a周世勋@4编 |
| 801 | @aCN@bTSTCL@c20070922 | |
| 905 | @dO413.1@e10@f1@b148057 | |
| 量子力学教程/周世勋编.-北京:人民教育出版社,1979.2 |
| 258页;20cm |
| 高等学校试用教材 |
| ISBN :CNY0.61 |
| ● |
| 相关链接 |
|
|
|
|
正题名:量子力学教程
索取号:O413.1/10
 
预约/预借
| 序号 | 登录号 | 条形码 | 馆藏地/架位号 | 状态 | 备注 |
| 1 | 0010924 | 001052130 | 密集书库/ [索取号:O413.1/10] | 在馆 | |
| 2 | 0010934 | 001052158 | 第三借阅区/ [索取号:O413.1/10] | 在馆 | |
| 3 | 0019027 | 001052121 | 密集书库/ [索取号:O413.1/10] | 在馆 | |
| 4 | 0019032 | 001052167 | 密集书库/ [索取号:O413.1/10] | 在馆 | |
| 5 | 0019035 | 001052149 | 密集书库/ [索取号:O413.1/10] | 在馆 | |
| 6 | 0094944 | 001052069 | 密集书库/ [索取号:O413.1/10] | 在馆 | |
| 7 | 0094945 | 001052087 | 密集书库/ [索取号:O413.1/10] | 在馆 | |
| 8 | 0094946 | 001052103 | 密集书库/ [索取号:O413.1/10] | 在馆 | |
| 9 | 0094947 | 001052112 | 第二样本阅览室/ [索取号:O413.1/10] | 在馆 | |
| 10 | 0148053 | 001052096 | 密集书库/ [索取号:O413.1/10] | 在馆 | |
| 11 | 0148054 | 001052050 | 密集书库/ [索取号:O413.1/10] | 在馆 | |
| 12 | 0148056 | 001052078 | 密集书库/ [索取号:O413.1/10] | 在馆 | |
| 13 | 0148057 | 001971600 | 密集书库/ [索取号:O413.1/10] | 在馆 | |
| 14 | 0609361 | 206093617 | 密集书库/ [索取号:O413.1/10] | 在馆 |